[Event "NZL-ch Major"]
[Site "Auckland"]
[Date "2010.01.11"]
[Round "10"]
[White "Pakenham, John"]
[Black "Chen, Thomas"]
[Result "1/2-1/2"]
[WhiteElo "1760"]
[BlackElo "1546"]
[PlyCount "69"]
[EventDate "2010.01.02"]
[EventType "swiss"]
[EventRounds "11"]
[EventCountry "NZL"]
[SourceTitle "CBM 134 Extra"]
[Source "ChessBase"]
[SourceDate "2010.03.03"]
[SourceVersion "1"]
[SourceVersionDate "2010.03.03"]
[SourceQuality "1"]

1. Nf3 d5 2. d4 Nf6 3. c4 c6 4. Qc2 g6 5. g3 Bg7 6. Bg2 Bf5 7. Qb3 b6 8. 0-0 0-0 9. Nc3 e6 10. e3 Bd3 11. Re1 Bxc4 12. Qc2 Nbd7 13. Nd2 Ba6 14. Qa4 Bb7 15. Rb1 b5 16. Qc2 Nb6 17. Nb3 Nfd7 18. Na5 Qc8 19. b4 Nc4 20. Nb3 Qd8 21. e4 Qb6 22. Qd3 a5 23. bxa5 Nxa5 24. Be3 Nxb3 25. axb3 Ba6 26. b4 Qd8 27. e5 Nb6 28. f4 Nc4 29. Bc1 f5 30. Ra1 Bb7 31. Be3 Rxa1 32. Rxa1 Qb6 33. Kf1 Ra8 34. Qb1 Rxa1 35. Qxa1 1/2-1/2